Integrovaná elektronika pro každého

Saved in:
Bibliographic Details
Main Authors: Janda, Vladimír (Author), Sopko, Bruno (Author)
Format: Book
Language:Czech
Published: Praha : Práce, 1977
Edition:1. vyd.
Tags: Add Tag
No Tags, Be the first to tag this record!

MARC

LEADER 00000nam a22000003a 4500
001 stu53442
005 20150617225702.8
008 000504s1977----cs------------------cze-d
040 |a STU  |b slo 
041 0 |a cze 
044 |a cs 
080 |a 621.38.049.75  |7 A000003461 
100 1 |a Janda, Vladimír  |4 aut 
245 1 |a Integrovaná elektronika pro každého 
250 |a 1. vyd. 
260 |a Praha :  |b Práce,  |c 1977 
300 |a 241 s 
700 1 |a Sopko, Bruno  |4 aut 
996 |b 284EK04496  |c E*40281  |l EE01  |s A  |a 24  |w stu53442_0001